Krízový manažment I

Lexikón odbornej terminológie.

Gespeichert in:
Bibliographische Detailangaben
1. Verfasser: Ferenčíková, Petra
Weitere Verfasser: Masárová, Mária, Rechtoríková, Gabriela, Ondrejkovičová, Jelena
Format: Buchkapitel
Sprache:Slowakisch
Englisch
Deutsch
Französisch
Russisch
Schlagworte:
Tags: Tag hinzufügen
Keine Tags, Fügen Sie das erste Tag hinzu!

MARC

LEADER 00000naa a2200000 4500
001 0147068
005 20240502072645.8
041 0 |a slo 
041 0 |a eng 
041 0 |a ger 
041 0 |a fre 
041 0 |a rus 
044 |a SK 
245 1 0 |a Krízový manažment I  |c Petra Ferenčíková, Mária Masárová, Gabriela Rechtoríková, Jelena Ondrejkovičová 
520 |a Lexikón odbornej terminológie. 
610 2 0 |a bezpečnosť 
610 2 0 |a štát 
610 2 0 |a polícia 
610 2 0 |a terminológia 
610 2 0 |a slovníky 
100 1 |a Ferenčíková, Petra 
700 1 |a Masárová, Mária 
700 1 |a Rechtoríková, Gabriela 
700 1 |a Ondrejkovičová, Jelena